Mapa międzywojenna lata 1922-1936r. - Statystyki

Ogólne statystyki
  • Ten quiz został rozwiązany 270 razy
    251 od ostatniego zresetowania
  • Średni wynik to 30 z 35
Odpowiedzi na mapie
Odpowiedzi zakodowano w zielono-czerwonej skali na mapie do tego quizu, zgodnie z poniższymi procentami.
 
Statystyki odpowiedzi
Kraj % Poprawnych
Polska
96%
Niemcy
94%
Estonia
93%
Łotwa
93%
Szwecja
93%
Dania
92%
Finlandia
92%
Hiszpania
92%
Jugosławia
92%
Litwa
92%
Norwegia
92%
Grecja
91%
Portugalia
91%
Rumunia
91%
Wielka Brytania
91%
Związek Socialistycznych Republik Radzieckich/ZSRR
91%
Belgia
90%
Czechosłowacja
90%
Irlandia
90%
Turcja
90%
Węgry
89%
Albania
88%
Austria
88%
Francja
88%
Holandia
88%
Luksemburg
87%
Szwajcaria
87%
Bułgaria
86%
Włochy
86%
Liechtenstein
76%
Andora
75%
San Marino
75%
Watykan
75%
Monako
68%
Gdańsk/Wolne miasto Gdańsk/ Danzig
53%
Nie znaleziono quizów pasujących do podanych kryteriów
Rozkład punktacji
Procent ludzi z każdym wynikiem
Percentyl według liczby udzielonych odpowiedzi
Twoja historia wyników
Nie rozwiązałeś tego quizu od ostatniego zresetowania